International encyclopedia of linguistics; T4

محفوظ في:
التفاصيل البيبلوغرافية
المؤلف الرئيسي: International encyclopedia of linguistics; T4
التنسيق: كتاب
اللغة:Undetermined
منشور في: New York Oxford Univ. Press 1992
الموضوعات:
الوسوم: إضافة وسم
لا توجد وسوم, كن أول من يضع وسما على هذه التسجيلة!
Thư viện lưu trữ: Trung tâm Học liệu Trường Đại học Cần Thơ
LEADER 00559nam a2200169Ia 4500
001 CTU_675
008 210402s9999 xx 000 0 und d
082 |a 410.03 
082 |b I.61/Vol.4 
100 |a International encyclopedia of linguistics; T4 
245 0 |a International encyclopedia of linguistics; T4 
245 0 |c International encyclopedia of linguistics; T4, William Bright 
260 |a New York 
260 |b Oxford Univ. Press 
260 |c 1992 
650 |a linguistics - encyclopedias 
980 |a Trung tâm Học liệu Trường Đại học Cần Thơ